星のカービィのコピー能力 - Statistics

General Stats
  • This quiz has been taken 777 times
  • The average score is 34 of 68
Answer Stats
初出作品 コピー % Correct
夢の泉の物語 ソード
94%
夢の泉の物語 ファイア
90%
夢の泉の物語 アイス
86%
夢の泉の物語 ストーン
85%
夢の泉の物語 カッター
81%
夢の泉の物語 ハンマー
81%
夢の泉の物語 ビーム
80%
スーパーデラックス ファイター
76%
スーパーデラックス ボム
74%
Wii ウォーター
70%
夢の泉の物語 マイク
69%
夢の泉の物語 スパーク
68%
夢の泉の物語 ホイール
67%
夢の泉の物語 スリープ
66%
スーパーデラックス ニンジャ
63%
夢の泉の物語 クラッシュ
62%
夢の泉の物語 ニードル
61%
スーパーデラックス ミラー
60%
夢の泉の物語 バーニング
59%
Wii リーフ
58%
スーパーデラックス プラズマ
57%
スーパーデラックス コック
56%
スーパーデラックス ウィング
56%
夢の泉の物語 U.F.O.
52%
夢の泉の物語 パラソル
51%
スーパーデラックス スープレックス
51%
スーパーデラックス コピー
50%
スーパーデラックス ジェット
49%
夢の泉の物語 ハイジャンプ
47%
鏡の大迷宮 スマブラ
47%
Wii ウィップ
47%
夢の泉の物語 フリーズ
46%
ロボボプラネット ポイズン
46%
スーパーデラックス ヨーヨー
44%
参上!ドロッチェ団 アニマル
44%
参上!ドロッチェ団 メタル
44%
夢の泉の物語 レーザー
42%
夢の泉の物語 トルネイド
41%
夢の泉の物語 スロウ
41%
Wii スピア
41%
トリプルデラックス スナイパー
41%
スーパーデラックス ペイント
40%
夢の泉の物語 ライト
39%
鏡の大迷宮 マジック
39%
トリプルデラックス ビートル
39%
ロボボプラネット エスパー
39%
夢の泉の物語 ボール
38%
ロボボプラネット ドクター
38%
ディスカバリー ドリル
38%
3 クリーン
37%
参上!ドロッチェ団 ゴースト
37%
Wiiデラックス サンド
37%
鏡の大迷宮 ミニマム
36%
参上!ドロッチェ団 バブル
35%
スターアライズ アーティスト
33%
スターアライズ スパイダー
33%
スターアライズ スティック
33%
鏡の大迷宮 エンジェル
32%
スターアライズ フェスティバル
32%
ディスカバリー レンジャー
32%
Wiiデラックス アーマー
32%
トリプルデラックス ベル
31%
トリプルデラックス サーカス
30%
夢の泉の物語 バックドロップ
28%
鏡の大迷宮 ミサイル
28%
タッチ!カービィ バルーン
27%
カービィファイターズ2 レスラー
27%
カービィのグルメフェス ゼリー
25%
No matching quizzes found
Score Distribution
Percent of People with Each Score
Percentile by Number Answered
Your Score History
You have not taken this quiz